Central Library, Doon University
WEBOPAC (ONLINE PUBLIC ACCESS CATALOGUE)

Neue Deutsche Literatur Geschichte (Record no. 59612)

MARC details
000 -LEADER
fixed length control field 00472nam a22001937a 4500
005 - DATE & TIME
control field 20250426125739.0
008 - FIXED-LENGTH DATA ELEMENTS--GENERAL INFORMATION
fixed length control field 250401b |||||||| |||| 00| 0 eng d
020 ## - ISBN
International Standard Book Number 9783484108974
Price 2239.76
040 ## - CATALOGING SOURCE
Original cataloging agency Doon University
041 ## - Language
Language German
082 ## - DDC NUMBER
Book Number BRE
Classification number 830.9
100 ## - MAIN ENTRY--PERSONAL NAME
Personal name Brenner, Peter J.
245 ## - TITLE STATEMENT
Title Neue Deutsche Literatur Geschichte
250 ## - EDITION STATEMENT
Edition statement 3rd
260 ## - PUBLICATION, DISTRIBUTION, ETC. (IMPRINT)
Place of publication, distribution, etc Berlin
Name of publisher, distributor, etc De Gruyter
Date of publication, distribution, etc 2011
300 ## - PHYSICAL DESCRIPTION
Pages 439
650 ## - Subject
Subject German Language
942 ## - ADDED ENTRY ELEMENTS (KOHA)
Koha item type Books
100 ## - MAIN ENTRY--PERSONAL NAME
-- 25538
952 ## - LOCATION AND ITEM INFORMATION (KOHA)
-- 2025-04-01
Holdings
Withdrawn status Lost status Source of classification or shelving scheme Damaged status Not for loan Location (home branch) Sublocation or collection (holding branch) Date acquired Koha full call number Accession No. Koha date last seen Koha item type
          Doon University Doon University 01.04.2025 830.9 BRE 50511 01.04.2025 Books
Contact : +91-135-2533126 (Library),+91-135-2533105 (Admin Office) , Email : doonlibrary@gmail.com

Powered by Koha